| 000 | 00395nam a22001337a 4500 | ||
|---|---|---|---|
| 082 |
_a530 _bFRE _cL-6:P-22 |
||
| 100 |
_aFretter, William B _939705 |
||
| 245 |
_aIntroduction to experimental Physics _cWilliam B,Fretter |
||
| 260 |
_aLondon _bBlackie and son ltd _c1955 |
||
| 300 |
_ap349. : _bill. ; _c10 cm. |
||
| 526 |
_a0 _b0 _c0 _d530_000000000000000_FRE |
||
| 650 |
_aMCE _9379 |
||
| 942 |
_2ddc _cBK |
||
| 999 |
_c544149 _d544149 |
||